000
00274nam a22001217a 4500
020
_a
9788189729981
082
_a
631.5871
_b
RED/IR
245
_a
Irrigation engineering
260
_a
New Delhi
_b
Gene-tech Books
_c
2010
300
_a
272 p
700
_a
Reddy, R.N
942
_c
BK
999
_c
13755
_d
13755